| 000 | 00861nac a22002051u 4500 | ||
|---|---|---|---|
| 010 | _a 2004011734 | ||
| 020 | _a0749442832 | ||
| 082 | 0 | 0 |
_a658.8343 _bK171 |
| 090 |
_c2444 _d2444 |
||
| 100 | _aKapferer, Jean-NoeÌ(l. | ||
| 245 | 1 | 4 |
_aThe new strategic brand management : _bcreating and sustaining brand equity long term / _cJean-NoeÌ(l Kapferer. |
| 250 | _a3rd ed. | ||
| 260 |
_aLondon ; _aSterling, VA. : _bKogan Page,2004 _c2004. |
||
| 300 |
_axiv, 497 p. ; _c25 cm. |
||
| 500 | _aRev. ed. of: Strategic brand management. 1994? | ||
| 504 | _aIncludes bibliographical references (p. [471]-483) and index. | ||
| 650 | 0 |
_aBrand name products _xManagement. |
|
| 942 |
_cBB _k658.8343 K171 |
||
| 999 |
_c2444 _d2444 |
||